Normale Ansicht MARC-Ansicht ISBD

Der MOZ-Talk geht ins zehnte Jahr. (Titelsatznr. 371460)

[ MARC ]
MARC-Details
000 -Satzkennung
Kontrollfeld mit fester Länge 00765nam a22001937a 4500
008 - Feld mit fester Länge zur physischen Beschreibung - Allgemeine Angaben
Kontrollfeld mit fester Länge 201127b ||||| |||| 00| 0 eng d
040 ## - Katalogisierungsquelle
Original-Katalogisierungsstelle DE-2950
Katalogisierungssprache ger
Übertragungsstelle DE-2950
Beschreibungsfestlegungen rda
041 ## - Sprachcode
Sprachcode des Textes/der Tonspur oder des separaten Titels ger
245 ## - Titel
Haupttitel Der MOZ-Talk geht ins zehnte Jahr.
Titelzusatz Show: Zum MOZ-Talk mit Lilo Wanders und David Friedrich am 16. März kommen ein Musical-Star, ein Flirt-Coach und eine Nachwuchsband ins Kleistforum. /
Verantwortlichkeitsangabe Heinz Kannenberg
264 ## - Veröffentlichungsangabe, Vertriebsangabe, Herstellungsangabe
Erscheinungs-, Vertriebs-, Herstellungsdatum 2022
653 ## - Lokales Schlagwort
Nicht-normierter Term Frankfurt (Oder)
653 ## - Lokales Schlagwort
Nicht-normierter Term Kleistforum
653 ## - Lokales Schlagwort
Nicht-normierter Term Veranstaltungsreihe
773 ## - Übergeordnete Einheit
Ort, Verlag und Erscheinungsjahr Frankfurt (Oder) Märkisches Verlags- und Druckhaus GmbH & Co KG
Titel Märkische Oderzeitung
Verknüpfungsangaben 33. Jahrgang (2022) Nr. 44 vom 22.02.2022, S. 16
942 ## - Zusätzliche Felder (Koha)
Koha-Medientyp Aufsätze
Exemplare
Ausgeschieden Verloren Beschädigt Nicht entleihbar Permanenter Standort Aktueller Standort Aufstellungsort Eingabedatum Anzahl Ausleihen Signatur Letzte Aktivität Preis gültig von Medientyp
        Stadtarchiv Frankfurt (Oder) | Archivbibliothek Stadtarchiv Frankfurt (Oder) | Archivbibliothek Magazin 08/03/2022   Z2 08/03/2022 08/03/2022 Aufsätze